[Event "FRA-ch Blitz"]
[Site "Saint Maur des Fosses"]
[Date "2025.06.15"]
[Round "9"]
[White "Brochet, Philippe"]
[Black "Droin, Augustin"]
[Result "0-1"]
[WhiteElo "2394"]
[BlackElo "2397"]
[PlyCount "82"]
[EventDate "2025.06.15"]
[EventType "swiss"]
[EventRounds "13"]
[EventCountry "FRA"]
[SourceTitle "CB25_2025"]
[SourceDate "2025.06.18"]
[SourceVersion "1"]
[SourceVersionDate "2025.06.18"]
[SourceQuality "1"]

1. e4 c5 2. Nc3 d6 3. d4 cxd4 4. Qxd4 Nc6 5. Bb5 Bd7 6. Bxc6 Bxc6 7. Nge2 e6 8. Be3 Nf6 9. 0-0-0 Qa5 10. f3 b5 11. a3 Qc7 12. g4 a5 13. g5 Nd7 14. h4 b4 15. axb4 axb4 16. Qxb4 d5 17. Qd4 Bc5 18. Qd2 Ra1+ 19. Nb1 dxe4 20. Bxc5 Nxc5 21. Qd6 Qxd6 22. Rxd6 Bd5 23. Nec3 Ke7 24. Rb6 exf3 25. Nxd5+ exd5 26. Rf1 Ne4 27. Rb7+ Ke6 28. Rb6+ Ke5 29. Rxf3 Rxb1+ 30. Kxb1 Nd2+ 31. Kc1 Nxf3 32. Rb7 Nxh4 33. Rxf7 Nf5 34. b4 h5 35. gxh6 Rxh6 36. Kb2 g5 37. Rf8 Rg6 38. b5 g4 39. Kc3 g3 40. Re8+ Kd6 41. Kb4 g2 0-1

[Event "Paris-ch IdF"]
[Site "Villemomble"]
[Date "2024.07.10"]
[Round "5"]
[White "Meillon, Judicael"]
[Black "Brochet, Philippe"]
[Result "0-1"]
[WhiteElo "2307"]
[BlackElo "2403"]
[PlyCount "56"]
[EventDate "2024.07.07"]
[EventType "swiss"]
[EventRounds "9"]
[EventCountry "FRA"]
[SourceTitle "EXT 2025"]
[Source "ChessBase"]
[SourceDate "2024.10.14"]
[SourceVersion "1"]
[SourceVersionDate "2024.10.14"]
[SourceQuality "1"]

1. Nf3 d5 2. c4 e6 3. g3 dxc4 4. Bg2 c5 5. Na3 a6 6. Ne5 Qc7 7. Naxc4 f6 8. Qa4+ b5 9. Qb3 bxc4 10. Qa4+ Nd7 11. Bxa8 Qxe5 12. Qxc4 Nb6 13. Bc6+ Kf7 14. Qb3 Nd5 15. d3 Nge7 16. Ba8 Nf5 17. e4 Nd4 18. Qd1 Nb4 19. Bf4 Ndc2+ 20. Kf1 Qd4 21. Rc1 e5 22. Rxc2 Nxc2 23. Bc1 Nb4 24. Ke2 Be6 25. a3 Nxd3 26. Be3 Qxb2+ 27. Kf3 c4 28. Qa4 Qb5 0-1

[Event "FRA-chT Top 16 GpB"]
[Site "Chartres"]
[Date "2024.06.01"]
[Round "3.14"]
[White "Guilleux, Fabien"]
[Black "Brochet, Philippe"]
[Result "1/2-1/2"]
[WhiteElo "2374"]
[BlackElo "2399"]
[PlyCount "83"]
[EventDate "2024.05.30"]
[EventType "team-tourn"]
[EventRounds "7"]
[EventCountry "FRA"]
[SourceTitle "CBM 220 Extra"]
[Source "ChessBase"]
[SourceDate "2024.07.31"]
[SourceVersion "1"]
[SourceVersionDate "2024.07.31"]
[SourceQuality "1"]
[WhiteTeam "Chalon"]
[BlackTeam "St Quentin"]
[WhiteTeamCountry "FRA"]
[BlackTeamCountry "FRA"]

1. d4 d5 2. c4 e6 3. Nf3 dxc4 4. e3 b5 5. a4 b4 6. Bxc4 Nf6 7. 0-0 Be7 8. Nbd2 Bb7 9. Qe2 0-0 10. a5 c5 11. a6 Bc6 12. e4 cxd4 13. e5 Nd5 14. Nb3 Nd7 15. Nbxd4 Rc8 16. Nxc6 Rxc6 17. Bxd5 exd5 18. Rd1 Nc5 19. Be3 h6 20. Nd4 Rc7 21. Nf5 Ne6 22. Qf3 Bc5 23. Rxd5 Qa8 24. Rad1 Bxe3 25. Qxe3 Qc6 26. Qg3 Kh8 27. Qg4 Qxa6 28. Qxb4 Qe2 29. Re1 Qh5 30. Nd4 Rfc8 31. Nxe6 fxe6 32. Rdd1 Rc2 33. Qe7 Qf5 34. Qxa7 Rxb2 35. Qd4 Rcc2 36. Rf1 Re2 37. Rde1 Rbd2 38. Qc5 Kh7 39. h3 Rc2 40. Qd4 h5 41. Rxe2 Rxe2 42. Qa1 1/2-1/2

[Event "FRA-chT Top 16 GpB"]
[Site "Chartres"]
[Date "2023.06.04"]
[Round "4.2"]
[White "Brochet, Philippe"]
[Black "Lazarev, Vladimir"]
[Result "1/2-1/2"]
[WhiteElo "2399"]
[BlackElo "2496"]
[PlyCount "84"]
[EventDate "2023.06.01"]
[EventType "team-tourn"]
[EventRounds "7"]
[EventCountry "FRA"]
[SourceTitle "CBM 214 Extra"]
[Source "ChessBase"]
[SourceDate "2023.07.31"]
[SourceVersion "1"]
[SourceVersionDate "2023.07.31"]
[SourceQuality "1"]
[WhiteTeam "St Quentin"]
[BlackTeam "Metz Fischer"]
[WhiteTeamCountry "FRA"]
[BlackTeamCountry "FRA"]

1. e4 c5 2. Nf3 e6 3. d4 cxd4 4. Nxd4 a6 5. c4 Nf6 6. Nc3 Qc7 7. a3 b6 8. Be3 Bb7 9. f3 d6 10. Be2 Be7 11. 0-0 Nbd7 12. Rc1 0-0 13. b4 Rfc8 14. Nb3 Rab8 15. Qd2 Qd8 16. Rfd1 Qf8 17. Na4 Ba8 18. c5 dxc5 19. Bxa6 Rd8 20. Qf2 cxb4 21. axb4 Bxb4 22. Nxb6 Ba3 23. Ra1 Bd6 24. Nxd7 Nxd7 25. Nd4 h6 26. Bc4 Be5 27. Rac1 Qe7 28. Ne2 Nf6 29. Bd4 Bxd4 30. Nxd4 Qb4 31. Ba2 Qb6 32. Bb1 Rd7 33. e5 Nd5 34. h4 Nf4 35. Kh2 Rbd8 36. Rc4 Bb7 37. g3 Nd5 38. Be4 Qa7 39. Rdc1 Ne7 40. Rc7 Rxd4 41. Rxb7 Qa5 42. Kh3 R4d7 1/2-1/2

[Event "FRA-chT Top 16 GpB"]
[Site "Chartres"]
[Date "2023.06.01"]
[Round "1.2"]
[White "Esipenko, Andrey"]
[Black "Brochet, Philippe"]
[Result "1-0"]
[WhiteElo "2679"]
[BlackElo "2399"]
[PlyCount "62"]
[EventDate "2023.06.01"]
[EventType "team-tourn"]
[EventRounds "7"]
[EventCountry "FRA"]
[SourceTitle "CBM 214 Extra"]
[Source "ChessBase"]
[SourceDate "2023.07.31"]
[SourceVersion "1"]
[SourceVersionDate "2023.07.31"]
[SourceQuality "1"]
[WhiteTeam "Asnieres"]
[BlackTeam "St Quentin"]
[WhiteTeamCountry "FRA"]
[BlackTeamCountry "FRA"]

1. e4 c5 2. Nf3 a6 3. g3 b5 4. d4 cxd4 5. Nxd4 Bb7 6. Bg2 Nf6 7. Nc3 e6 8. a3 b4 9. axb4 Bxb4 10. 0-0 Qc7 11. Bd2 Nc6 12. Ra4 a5 13. Ncb5 Qb8 14. Bxb4 Nxb4 15. e5 Bxg2 16. Nd6+ Ke7 17. Kxg2 Ne8 18. c3 Nc6 19. Nxc6+ dxc6 20. Nxf7 Rf8 21. Ng5 h6 22. Nh3 Qxb2 23. Nf4 Rf5 24. Ng6+ Kf7 25. Qd7+ Kxg6 26. Qxe6+ Nf6 27. Rg4+ Rg5 28. exf6 Qxc3 29. Rxg5+ hxg5 30. f7+ Qf6 31. Qe8 Qd8 1-0

[Event "FRA-chT Top 16 GpB"]
[Site "Chartres"]
[Date "2022.06.13"]
[Round "5.1"]
[White "Brochet, Philippe"]
[Black "Gozzoli, Yannick"]
[Result "1/2-1/2"]
[WhiteElo "2390"]
[BlackElo "2594"]
[PlyCount "29"]
[EventDate "2022.06.09"]
[EventType "team-tourn"]
[EventRounds "7"]
[EventCountry "FRA"]
[SourceTitle "CBM 208 Extra"]
[Source "ChessBase"]
[SourceDate "2022.07.31"]
[SourceVersion "1"]
[SourceVersionDate "2022.07.31"]
[SourceQuality "1"]
[WhiteTeam "St Quentin"]
[BlackTeam "Asnieres"]
[WhiteTeamCountry "FRA"]
[BlackTeamCountry "FRA"]

1. e4 e5 2. Nf3 Nc6 3. Bc4 Nf6 4. d3 Be7 5. 0-0 0-0 6. Re1 d6 7. c3 Na5 8. Bb5 a6 9. Ba4 b5 10. Bc2 c5 11. Nbd2 Nc6 12. Nf1 h6 13. h3 Re8 14. d4 cxd4 15. cxd4 1/2-1/2

[Event "FRA-chT Top 16 GpB"]
[Site "Chartres"]
[Date "2022.06.11"]
[Round "3.2"]
[White "Brochet, Philippe"]
[Black "Nezar, Mustapha"]
[Result "1/2-1/2"]
[WhiteElo "2390"]
[BlackElo "2357"]
[PlyCount "136"]
[EventDate "2022.06.09"]
[EventType "team-tourn"]
[EventRounds "7"]
[EventCountry "FRA"]
[SourceTitle "CBM 208 Extra"]
[Source "ChessBase"]
[SourceDate "2022.07.31"]
[SourceVersion "1"]
[SourceVersionDate "2022.07.31"]
[SourceQuality "1"]
[WhiteTeam "St Quentin"]
[BlackTeam "Vandoeuvre"]
[WhiteTeamCountry "FRA"]
[BlackTeamCountry "FRA"]

1. e4 e5 2. Nf3 Nf6 3. Nxe5 d6 4. Nf3 Nxe4 5. d4 d5 6. Bd3 Be7 7. 0-0 Nd6 8. Bf4 0-0 9. Re1 Be6 10. Qd2 Nc6 11. Ng5 Bf5 12. h4 Qd7 13. Nc3 Nc4 14. Bxf5 Qxf5 15. Qd3 Qxd3 16. cxd3 Nxb2 17. Nxd5 Nxd3 18. Nxe7+ Nxe7 19. Rxe7 Nxf4 20. Rxc7 b6 21. a4 h6 22. Nf3 Rfc8 23. Rb7 Rcb8 24. Rxb8+ Rxb8 25. g3 Nd5 26. Rc1 Rd8 27. Kf1 h5 28. Ke2 f6 29. Nd2 Re8+ 30. Kf3 Kf7 31. Nc4 Rd8 32. Ne3 Ke6 33. Ke4 Nxe3 34. fxe3 Kd6 35. Kf5 Re8 36. Rc3 a6 37. Kg6 Re4 38. Kxh5 b5 39. axb5 axb5 40. g4 g6+ 41. Kxg6 Rxg4+ 42. Kxf6 Rxh4 43. Kf5 Rh1 44. Ke4 Rd1 45. Rc5 Rb1 46. Kd3 Rb3+ 47. Kd2 b4 48. Rb5 Kc6 49. Rb8 Kd5 50. Rd8+ Kc4 51. Rc8+ Kd5 52. Rc5+ Kd6 53. Re5 Kc6 54. Rh5 Kd6 55. Ke2 Kc6 56. Rh1 Kd5 57. Rh5+ Kc6 58. Rh1 Kd5 59. Kf3 Rc3 60. Rh5+ Kc4 61. Rc5+ Kd3 62. Rb5 b3 63. Kf4 Kc2 64. d5 b2 65. d6 Rd3 66. Rc5+ Kd2 67. Rb5 Kc2 68. Rc5+ Kd2 1/2-1/2

[Event "Barcelona Sants op 21st"]
[Site "Barcelona"]
[Date "2019.09.01"]
[Round "10"]
[White "Antova, Gabriela"]
[Black "Brochet, Philippe"]
[Result "1-0"]
[WhiteElo "2270"]
[BlackElo "2400"]
[PlyCount "79"]
[EventDate "2019.08.23"]
[EventType "swiss"]
[EventRounds "10"]
[EventCountry "ESP"]
[SourceTitle "EXT 2020"]
[Source "ChessBase"]
[SourceDate "2019.10.17"]
[SourceVersion "1"]
[SourceVersionDate "2019.10.17"]
[SourceQuality "1"]

1. c4 e6 2. Nf3 d5 3. d4 a6 4. cxd5 exd5 5. Nc3 Nf6 6. Qb3 h6 7. Bf4 Bd6 8. Bxd6 Qxd6 9. e3 b6 10. Bd3 0-0 11. 0-0 Nbd7 12. Rac1 Bb7 13. Qc2 Rac8 14. Rfd1 Rfe8 15. Bf5 g6 16. Bxg6 fxg6 17. Qxg6+ Kh8 18. Qxh6+ Nh7 19. Qxd6 cxd6 20. Nh4 Nhf6 21. Nf5 Rc6 22. a3 b5 23. Na2 Rec8 24. Rxc6 Rxc6 25. Nb4 Rb6 26. Rc1 a5 27. Nd3 Ne8 28. Nf4 b4 29. g4 Rc6 30. Rxc6 Bxc6 31. axb4 axb4 32. Ne7 Bb5 33. Nfxd5 b3 34. g5 Ng7 35. f4 Bd3 36. Kf2 Nb8 37. Nb6 Ne6 38. h4 Nc7 39. h5 Nb5 40. Nbd5 1-0

[Event "Barcelona Sants op 21st"]
[Site "Barcelona"]
[Date "2019.08.28"]
[Round "6"]
[White "Brochet, Philippe"]
[Black "Aizpurua, Patrick Emilio"]
[Result "1-0"]
[WhiteElo "2400"]
[BlackElo "2261"]
[PlyCount "129"]
[EventDate "2019.08.23"]
[EventType "swiss"]
[EventRounds "10"]
[EventCountry "ESP"]
[SourceTitle "EXT 2020"]
[Source "ChessBase"]
[SourceDate "2019.10.17"]
[SourceVersion "1"]
[SourceVersionDate "2019.10.17"]
[SourceQuality "1"]

1. e4 e5 2. Nf3 Nc6 3. Nc3 Nf6 4. Bb5 Bc5 5. d3 a6 6. Bxc6 dxc6 7. Qe2 Qe7 8. Bg5 h6 9. Bh4 Bg4 10. h3 Bh5 11. g4 Bg6 12. 0-0-0 0-0-0 13. Bg3 Bd6 14. Nh4 Bb4 15. Nb1 Nd7 16. Nxg6 fxg6 17. f4 exf4 18. Bxf4 Qf7 19. Qh2 Qxa2 20. Bxc7 Rdf8 21. Rhf1 Be7 22. Bf4 Rxf4 23. Rxf4 Bg5 24. h4 Bxf4+ 25. Qxf4 Rf8 26. Qd6 Qf7 27. Nd2 Qf6 28. Qb4 Qxh4 29. e5 c5 30. Qe4 Qe7 31. Nc4 Kc7 32. e6 Qg5+ 33. Kb1 Nf6 34. e7 Re8 35. Qe6 Qd5 36. Qb6+ Kd7 37. d4 Rxe7 38. b3 Re6 39. Qa7 Ke7 40. Nb6 Qf3 41. Rd3 Qh1+ 42. Kb2 cxd4 43. Rxd4 Qc6 44. Rb4 Ne4 45. Nc4 Nc5 46. Na5 Nd3+ 47. Ka3 Qxc2 48. Rxb7+ Kf6 49. Qd4+ Kg5 50. Nc4 Nf4 51. Rxg7 Qe4 52. Qg1 Qd5 53. Rf7 Re4 54. Rc7 Rd4 55. Qe1 Rd3 56. Qf1 Rd4 57. Qe1 Rd3 58. Qg1 Qd4 59. Rc5+ Kf6 60. g5+ Kg7 61. Rc7+ Kh8 62. Qh1 Kg8 63. Qa8+ Qd8 64. Rc8 Ne6 65. gxh6 1-0

[Event "Barcelona Sants op 21st"]
[Site "Barcelona"]
[Date "2019.08.27"]
[Round "5"]
[White "Bauer, Christian"]
[Black "Brochet, Philippe"]
[Result "1/2-1/2"]
[WhiteElo "2626"]
[BlackElo "2400"]
[PlyCount "50"]
[EventDate "2019.08.23"]
[EventType "swiss"]
[EventRounds "10"]
[EventCountry "ESP"]
[SourceTitle "EXT 2020"]
[Source "ChessBase"]
[SourceDate "2019.10.17"]
[SourceVersion "1"]
[SourceVersionDate "2019.10.17"]
[SourceQuality "1"]

1. c4 e5 2. Nc3 Bb4 3. Nd5 Nc6 4. e3 Nf6 5. Qc2 Nxd5 6. cxd5 Ne7 7. Nf3 c6 8. Nxe5 Nxd5 9. Bc4 Qe7 10. Nf3 Nf6 11. a3 Ba5 12. b4 Bc7 13. Bb2 d5 14. Bd3 h6 15. Nd4 0-0 16. Qc3 Re8 17. 0-0 a5 18. f4 axb4 19. axb4 Rxa1 20. Rxa1 Bd6 21. Nc2 Qf8 22. Ra7 Ne4 23. Bxe4 Rxe4 24. Ra8 Re8 25. Qd4 f6 1/2-1/2

[Event "Barcelona Sants op 21st"]
[Site "Barcelona"]
[Date "2019.08.25"]
[Round "3"]
[White "Riera Montano, Ramon"]
[Black "Brochet, Philippe"]
[Result "1/2-1/2"]
[WhiteElo "2160"]
[BlackElo "2400"]
[PlyCount "116"]
[EventDate "2019.08.23"]
[EventType "swiss"]
[EventRounds "10"]
[EventCountry "ESP"]
[SourceTitle "EXT 2020"]
[Source "ChessBase"]
[SourceDate "2019.10.17"]
[SourceVersion "1"]
[SourceVersionDate "2019.10.17"]
[SourceQuality "1"]

1. d4 d5 2. Nf3 Bf5 3. c4 e6 4. Nc3 c6 5. Qb3 Qb6 6. c5 Qxb3 7. axb3 Nd7 8. b4 a6 9. Bf4 Rc8 10. h3 Be7 11. g4 Bg6 12. e3 h6 13. Be2 Ngf6 14. Nd2 Ne4 15. Ndxe4 Bxe4 16. Nxe4 dxe4 17. f3 exf3 18. Bxf3 Bg5 19. Kf2 Bxf4 20. exf4 Nf6 21. Rhe1 Rd8 22. Rad1 0-0 23. Re5 Rd7 24. g5 hxg5 25. fxg5 Ne8 26. Ke3 Nc7 27. h4 Rfd8 28. Rd2 g6 29. Rd1 Kf8 30. Rd2 Nb5 31. Re4 e5 32. Rxe5 Nxd4 33. Kf2 Nxf3 34. Rxd7 Rxd7 35. Kxf3 Rd1 36. Re2 Rh1 37. Kg3 Rc1 38. Kf3 Rf1+ 39. Kg3 Ra1 40. Kf3 Rf1+ 41. Kg3 Rf5 42. Re4 Rd5 43. Kf3 Rd3+ 44. Re3 Rd1 45. Re2 Rc1 46. Re4 Rb1 47. Re2 Ra1 48. Re4 Ra4 49. Kf4 Ra1 50. Ke5 Ke7 51. Kd4+ Kd7 52. Ke5 Ke7 53. Kd4+ Kf8 54. Ke5 Rd1 55. Rd4 Re1+ 56. Re4 Rd1 57. Rd4 Re1+ 58. Re4 Rd1 1/2-1/2

[Event "FRA-chT Top 12"]
[Site "Brest"]
[Date "2019.05.28"]
[Round "11.3"]
[White "Van Foreest, Jorden"]
[Black "Brochet, Philippe"]
[Result "1-0"]
[WhiteElo "2601"]
[BlackElo "2400"]
[PlyCount "39"]
[EventDate "2019.05.18"]
[EventType "team-tourn"]
[EventRounds "11"]
[EventCountry "FRA"]
[SourceTitle "CBM 190 Extra"]
[Source "ChessBase"]
[SourceDate "2019.07.15"]
[SourceVersion "1"]
[SourceVersionDate "2019.07.15"]
[SourceQuality "1"]
[WhiteTeam "Clichy"]
[BlackTeam "Tours Hauts de France St Quentin"]
[WhiteTeamCountry "FRA"]
[BlackTeamCountry "FRA"]

1. d4 d5 2. c4 e6 3. Nc3 a6 4. cxd5 exd5 5. Qb3 c6 6. e4 dxe4 7. Bc4 Qc7 8. Nxe4 b5 9. Bd3 Be6 10. Qc2 Nd7 11. Nf3 Ngf6 12. 0-0 h6 13. a4 Rc8 14. axb5 axb5 15. Nxf6+ Nxf6 16. Bf5 Bxf5 17. Qxf5 Rd8 18. Re1+ Be7 19. Bf4 Qb7 20. Rxe7+ 1-0

[Event "FRA-chT Top 12"]
[Site "Brest"]
[Date "2019.05.27"]
[Round "10.4"]
[White "Delabaca, Romuald"]
[Black "Brochet, Philippe"]
[Result "0-1"]
[WhiteElo "2360"]
[BlackElo "2400"]
[PlyCount "68"]
[EventDate "2019.05.18"]
[EventType "team-tourn"]
[EventRounds "11"]
[EventCountry "FRA"]
[SourceTitle "CBM 190 Extra"]
[Source "ChessBase"]
[SourceDate "2019.07.15"]
[SourceVersion "1"]
[SourceVersionDate "2019.07.15"]
[SourceQuality "1"]
[WhiteTeam "Cannes"]
[BlackTeam "Tours Hauts de France St Quentin"]
[WhiteTeamCountry "FRA"]
[BlackTeamCountry "FRA"]

1. Nf3 d5 2. e3 Nc6 3. d4 Bg4 4. c4 e6 5. h3 Bxf3 6. Qxf3 Nf6 7. Nc3 a6 8. Qd1 Be7 9. Be2 dxc4 10. Bxc4 e5 11. d5 Nb8 12. a4 Nbd7 13. e4 Bc5 14. 0-0 0-0 15. Qf3 Ne8 16. Ne2 Nd6 17. Bd3 Qh4 18. g4 Rac8 19. Kg2 c6 20. Nc3 Bd4 21. dxc6 Rxc6 22. Nd5 Nc5 23. Bc2 Kh8 24. Rb1 Ne6 25. Bd3 Ng5 26. Bxg5 Qxg5 27. Qe2 Nc8 28. Rfd1 Nb6 29. Nxb6 Rxb6 30. b3 Rf6 31. f3 h5 32. Qd2 Be3 33. Qe2 h4 34. Re1 Qf4 0-1

[Event "FRA-chT Top 12"]
[Site "Brest"]
[Date "2018.05.30"]
[Round "5"]
[White "Brochet, Philippe"]
[Black "Gledura, Benjamin"]
[Result "0-1"]
[WhiteElo "2409"]
[BlackElo "2615"]
[PlyCount "70"]
[EventDate "2018.05.26"]
[EventType "team-tourn"]
[EventRounds "11"]
[EventCountry "FRA"]
[SourceTitle "EXT 2019"]
[Source "ChessBase"]
[SourceDate "2018.10.10"]
[SourceVersion "1"]
[SourceVersionDate "2018.10.10"]
[SourceQuality "1"]
[WhiteTeam "Evry Grand Roque"]
[BlackTeam "Mulhouse Philidor"]
[WhiteTeamCountry "FRA"]
[BlackTeamCountry "FRA"]

1. d4 Nf6 2. Nf3 g6 3. Bg5 Bg7 4. Nbd2 d5 5. e3 0-0 6. c3 b6 7. a4 c5 8. Be2 Nc6 9. 0-0 h6 10. Bh4 g5 11. Bb5 gxh4 12. Bxc6 Rb8 13. Nxh4 Qc7 14. Bb5 c4 15. a5 bxa5 16. Ba4 Rxb2 17. Bc2 e5 18. Qc1 Qb6 19. Rb1 Rxb1 20. Bxb1 exd4 21. exd4 Be6 22. Nf5 Rb8 23. Nf3 Qxb1 24. Ne7+ Kf8 25. Qxb1 Rxb1 26. Rxb1 Kxe7 27. Rb7+ Kd6 28. Ne5 Ne4 29. Nxf7+ Bxf7 30. Rxf7 Bxd4 31. cxd4 c3 32. Rf8 Kd7 33. Rf7+ Kc6 34. Rf8 a4 35. f3 Nd6 0-1

[Event "Bayonne op 2nd"]
[Site "Bayonne"]
[Date "2018.04.29"]
[Round "4"]
[White "Brochet, Philippe"]
[Black "Salimova, Nurgyul"]
[Result "0-1"]
[WhiteElo "2409"]
[BlackElo "2250"]
[PlyCount "76"]
[EventDate "2018.04.28"]
[EventType "swiss"]
[EventRounds "7"]
[EventCountry "FRA"]
[SourceTitle "CBM 184 Extra"]
[Source "ChessBase"]
[SourceDate "2018.06.28"]
[SourceVersion "1"]
[SourceVersionDate "2018.06.28"]
[SourceQuality "1"]

1. e4 e5 2. Nc3 Nc6 3. Bc4 Nf6 4. d3 Na5 5. Bb3 Nxb3 6. axb3 d5 7. exd5 Nxd5 8. Qh5 Be7 9. Qxe5 Nb4 10. Qe2 0-0 11. Be3 Re8 12. Nf3 Bg4 13. 0-0-0 a5 14. h3 Bd7 15. Ne5 Be6 16. f4 f6 17. Nc4 Nd5 18. Bd2 Bf8 19. Rhe1 Nxc3 20. bxc3 b5 21. Ne3 a4 22. b4 c5 23. bxc5 Bxc5 24. d4 Bf8 25. Qd3 Qb6 26. d5 Bf7 27. Nf5 Red8 28. Be3 Qb7 29. Bd4 Rxd5 30. Qf3 Rad8 31. Rd3 Qc7 32. g4 b4 33. Ne3 R5d7 34. g5 bxc3 35. Rxc3 Qa5 36. Bxf6 Ba3+ 37. Rxa3 Qxe1+ 38. Kb2 Rb8+ 0-1

[Event "FRA-ch Accession"]
[Site "Agen"]
[Date "2017.08.26"]
[Round "8"]
[White "Brochet, Philippe"]
[Black "Bellahcene, Bilel"]
[Result "0-1"]
[WhiteElo "2417"]
[BlackElo "2481"]
[PlyCount "76"]
[EventDate "2017.08.19"]
[EventType "swiss"]
[EventRounds "9"]
[EventCountry "FRA"]
[SourceTitle "EXT 2019"]
[Source "ChessBase"]
[SourceDate "2018.10.10"]
[SourceVersion "1"]
[SourceVersionDate "2018.10.10"]
[SourceQuality "1"]

1. e4 c5 2. a3 g6 3. Nc3 Bg7 4. Bc4 e6 5. Nf3 Ne7 6. d4 cxd4 7. Nxd4 0-0 8. Bg5 Nbc6 9. Ndb5 a6 10. Nd6 b5 11. Ba2 Qc7 12. Qd2 h6 13. Bf4 Ne5 14. Nxc8 Raxc8 15. Bxh6 Bxh6 16. Qxh6 a5 17. Rc1 b4 18. axb4 axb4 19. Ne2 f5 20. Qh4 Rf7 21. exf5 gxf5 22. Nf4 Rh7 23. Nh5 Nd3+ 24. Kd2 Rxh5 25. Qxh5 Nxc1 26. Qg5+ Kf7 27. Rxc1 Qd6+ 28. Ke1 Qxh2 29. Qd2 Rc5 30. Qxd7 Qg1+ 31. Kd2 Qxf2+ 32. Kd3 Qg3+ 33. Kd4 Qe5+ 34. Kd3 Qe4+ 35. Kd2 Qxg2+ 36. Kd3 Qg3+ 37. Kd4 Qe5+ 38. Kd3 Rc6 0-1

[Event "FRA-ch Accession"]
[Site "Agen"]
[Date "2017.08.19"]
[Round "3"]
[White "Le Roux, Jean Pierre"]
[Black "Brochet, Philippe"]
[Result "1/2-1/2"]
[WhiteElo "2543"]
[BlackElo "2417"]
[PlyCount "37"]
[EventDate "2017.08.19"]
[EventType "swiss"]
[EventRounds "9"]
[EventCountry "FRA"]
[SourceTitle "CBM 180 Extra"]
[Source "ChessBase"]
[SourceDate "2017.10.06"]
[SourceVersion "1"]
[SourceVersionDate "2017.10.06"]
[SourceQuality "1"]

1. e4 e5 2. Nf3 Nf6 3. Nxe5 d6 4. Nf3 Nxe4 5. c4 Be7 6. d4 0-0 7. Bd3 Ng5 8. Bxg5 Bxg5 9. h4 Re8+ 10. Kf1 Bf6 11. Bxh7+ Kxh7 12. Ng5+ Kg8 13. Qh5 Be6 14. d5 Bf5 15. Qxf7+ Kh8 16. Qh5+ Kg8 17. Qf7+ Kh8 18. Qh5+ Kg8 19. Qf7+ 1/2-1/2

[Event "FRA-ch Accession"]
[Site "Agen"]
[Date "2017.08.19"]
[Round "1"]
[White "Sanchez, Louis"]
[Black "Brochet, Philippe"]
[Result "0-1"]
[WhiteElo "2240"]
[BlackElo "2417"]
[PlyCount "80"]
[EventDate "2017.08.19"]
[EventType "swiss"]
[EventRounds "9"]
[EventCountry "FRA"]
[SourceTitle "EXT 2019"]
[Source "ChessBase"]
[SourceDate "2018.10.10"]
[SourceVersion "1"]
[SourceVersionDate "2018.10.10"]
[SourceQuality "1"]

1. Nf3 d5 2. g3 Bg4 3. Bg2 c6 4. 0-0 Nd7 5. d4 Ngf6 6. Nbd2 e6 7. Re1 Be7 8. e4 dxe4 9. Nxe4 Nxe4 10. Rxe4 Nf6 11. Re1 Qb6 12. c3 0-0 13. Qb3 Rfd8 14. Ne5 Bh5 15. Nc4 Qc7 16. Bf4 Qc8 17. a4 Nd5 18. Bd2 Bf6 19. Ne5 c5 20. dxc5 Qxc5 21. c4 Ne7 22. Bb4 Qc7 23. Bxe7 Qxe7 24. a5 Rab8 25. Qe3 a6 26. c5 Bg6 27. b4 Qe8 28. Rad1 Rxd1 29. Rxd1 Qa4 30. Rd4 Qa1+ 31. Bf1 Bf5 32. Kg2 Bh3+ 33. Kxh3 Qxf1+ 34. Kg4 Qg2 35. h4 Rf8 36. Rd2 h5+ 37. Kxh5 Bxe5 38. Qxe5 Qf3+ 39. g4 Kh7 40. Rd7 Rh8 0-1

[Event "FRA-chT Top 12"]
[Site "Chartres"]
[Date "2017.05.18"]
[Round "1.2"]
[White "Brochet, Philippe"]
[Black "Sumets, Andrey"]
[Result "1/2-1/2"]
[WhiteElo "2409"]
[BlackElo "2566"]
[PlyCount "135"]
[EventDate "2017.05.18"]
[EventType "team-tourn"]
[EventRounds "11"]
[EventCountry "FRA"]
[SourceTitle "CBM 178 Extra"]
[Source "ChessBase"]
[SourceDate "2017.06.22"]
[SourceVersion "1"]
[SourceVersionDate "2017.06.22"]
[SourceQuality "1"]
[WhiteTeam "Montpellier"]
[BlackTeam "Saint Quentin"]
[WhiteTeamCountry "FRA"]
[BlackTeamCountry "FRA"]

1. e4 c6 2. Nc3 d5 3. Nf3 Nf6 4. e5 Ne4 5. Nxe4 dxe4 6. Ng5 Qd5 7. Qe2 Qxe5 8. Nxe4 g6 9. d4 Qe6 10. Qe3 Bg7 11. Bc4 Qd7 12. c3 b6 13. h4 Ba6 14. Bb3 h5 15. Qf3 Qf5 16. Qxf5 gxf5 17. Ng3 e6 18. Bd1 Nd7 19. Nxh5 Bh6 20. Bxh6 Rxh6 21. Nf4 c5 22. Be2 Bb7 23. Bb5 cxd4 24. cxd4 0-0-0 25. Bxd7+ Kxd7 26. f3 Rc8 27. Kd2 Rc4 28. Ne2 f6 29. Rac1 Ra4 30. a3 Ba6 31. Rcd1 Kd6 32. h5 Bxe2 33. Kxe2 Kd5 34. Ke3 Rc4 35. Rd2 b5 36. g4 fxg4 37. fxg4 b4 38. axb4 Rxb4 39. Rc1 f5 40. Kf4 fxg4 41. Kxg4 Rb8 42. Rc5+ Kd6 43. Rg5 Rf6 44. Rg6 Ke7 45. Rg7+ Kd6 46. Kg5 Rf1 47. Rh2 Rg1+ 48. Kh6 Rh8+ 49. Rh7 Ra8 50. Rc2 a5 51. Rcc7 Kd5 52. Rhd7+ Ke4 53. Kh7 Rg2 54. Rb7 Ra6 55. h6 Rh2 56. Kg7 Rg2+ 57. Kh7 Rh2 58. Ra7 Rxa7 59. Rxa7 Kxd4 60. Kg7 Rg2+ 61. Kf8 Rxb2 62. Rxa5 e5 63. h7 Rh2 64. Kg7 Rg2+ 65. Kf6 Rf2+ 66. Ke6 Rh2 67. Rd5+ Kc4 68. Rxe5 1/2-1/2

[Event "Barcelona Sants op-A18th"]
[Site "Barcelona"]
[Date "2016.08.28"]
[Round "10"]
[White "Brochet, Philippe"]
[Black "Cruz, Cristhian"]
[Result "0-1"]
[WhiteElo "2401"]
[BlackElo "2533"]
[PlyCount "38"]
[EventDate "2016.08.19"]
[EventType "swiss"]
[EventRounds "10"]
[EventCountry "ESP"]
[SourceTitle "CBM 174 Extra"]
[Source "ChessBase"]
[SourceDate "2016.10.10"]
[SourceVersion "1"]
[SourceVersionDate "2016.10.10"]
[SourceQuality "1"]

1. e4 c5 2. Nf3 e6 3. c4 Nc6 4. Nc3 Nf6 5. Be2 b6 6. d4 cxd4 7. Nxd4 Bb7 8. Bf4 Nxd4 9. Qxd4 Bb4 10. Bf3 d6 11. 0-0-0 e5 12. Bxe5 dxe5 13. Qxe5+ Qe7 14. Qb5+ Kf8 15. e5 Bxc3 16. exf6 Bxf6 17. Rd7 Bxb2+ 18. Kc2 Be4+ 19. Kb3 Qa3# 0-1